书目信息 |
| 书名: | Medical insurance coding workbook for physician practices | |
| 作者: | Cynthia Newby ; consultants: Joanne Valerius, Nenna L. Bayes. | |
| 分册号: | ||
| 分册名: | 出版地: | New York : |
|
| 出版社: | Glencoe/McGraw-Hill | |
| 出版时间: | c2005. | |
| 页数: | ix, 141 p. : | |
| 开本: | 29 cm. | |
| 丛书名: | ||
| 中图分类号: | ||
| 科图分类号: | ||
| 其他分类号: | F840.684 | |
| 主题词: | ||
| 电子资源: | ||
| 000 | 00885nam 22000289i 450 | |
| 001 | 0206060886 | |
| 005 | 20070707172713.19 | |
| 008 | 050616m2005 u y 000 0 | |
| 020 | @a0072950242 :@c400.98. | |
| 041 | @aeng | |
| 090 | @aR197.32 | |
| 090 | @aF840.684 | |
| 090 | @aF840.684 | |
| 099 | @dF840.684@ex47 | |
| 100 | 1 | @aNewby@cCynthia. |
| 245 | 10 | @aMedical insurance coding workbook for physician practices / @cCynthia Newby ; consultants: Joanne Valerius, Nenna L. Bayes. |
| 246 | 3 | @aCoding workbook |
| 250 | @a2004-2005 ed. | |
| 260 | 1 | @aNew York :@bGlencoe/McGraw-Hill,@cc2005. |
| 300 | @aix, 141 p. :@bill. (some col.) ;@c29 cm. | |
| 500 | @aIncludes index. | |
| 650 | 4 | @aInsurance, Health. |
| 650 | 4 | @aMedical fees. |
| 650 | 4 | @aNosology. |
| 650 | 4 | @aMedical offices@xManagement. |
| 700 | 1 | @aBayes@cNenna L. |
| 700 | 1 | @aValerius@cJoanne. |
| Medical insurance coding workbook for physician practices / / Cynthia Newby ; consultants: Joanne Valerius, Nenna L. Bayes.-2004-2005 ed.-New York : : Glencoe/McGraw-Hill, , c2005. |
| ix, 141 p. : : ill. (some col.) ; ; 29 cm. |
| Includes index. |
| ISBN 0072950242 :400.98. |
| ● |
| 相关链接 |
|
|
|
|
正题名:Medical insurance coding workbook for physician practices
索取号:F840.684/x47
 
预约/预借
| 序号 | 登录号 | 条形码 | 馆藏地/架位号 | 状态 | 备注 |
| 1 | 0011139 | 300111395 | 第二样本阅览室/ [索取号:F840.684/x47] | 在馆 | |
| 2 | 0011140 | 300111402 | 第四借阅区/ [索取号:F840.684/x47] | 在馆 | |
| 3 | 0011141 | 300111411 | 第四借阅区/ [索取号:F840.684/x47] | 在馆 | |
| 4 | 0011142 | 300111420 | 第四借阅区/ [索取号:F840.684/x47] | 在馆 | |
| 5 | 0011143 | 300111439 | 第四借阅区/ [索取号:F840.684/x47] | 在馆 |